Fundamentos de mercadeo moderno

I tiakina i:
Ngā taipitopito rārangi puna kōrero
Ngā kaituhi matua: Cundiff, Edward W (Author), Still, Richard R (Author), Govoni, Norman A. P (Author)
Hōputu: Pukapuka
Reo:Pāniora
I whakaputaina: Madrid Dossat S. A 1979
Putanga:1a. ed
Ngā marau:
Ngā Tūtohu: Tāpirihia he Tūtohu
Kāore He Tūtohu, Me noho koe te mea tuatahi ki te tūtohu i tēnei pūkete!

MARC

LEADER 00000cam a2200000 a 4500
001 UCD9025
003 CL-VaPUC
008 170602e19790000sp |||||||||||||||||spa|d
020 |a 013344986 
082 0 4 |a 658.8  |b CUN  |2 21 
100 0 |a Cundiff, Edward W  |e author  |9 592695 
700 0 |a Still, Richard R  |e author  |9 592696 
700 0 |a Govoni, Norman A. P  |e author  |9 592697 
245 1 0 |a Fundamentos de mercadeo moderno 
250 |a 1a. ed 
300 |a 455 p 
942 |c BK 
945 |d 20170602 23:29:00  |a dcastane 
260 |a Madrid  |b Dossat S. A  |c 1979 
650 0 |a Marketing  |9 259324 
650 0 |a Administración de empresas   |9 260833 
583 |a last modification  |c 20170602 23:29:00  |k Rodrigo Vera 
999 |c 368328  |d 368326